000 00325nam a2200145Ia 4500
100 _aLowery/ Joseph.W.
942 _cBK
366 _f15
654 _aDream Weaver 4 Bible
245 _aDream Weaver 4 Bible
260 _bIDG Books India (P) Ltd.
_aNew Delhi
_c2001
082 _a5.1
300 _a1178
546 _aENGLISH
999 _c31545
_d31545